| 000 | 02336nam0a2200397 4500 | ||
|---|---|---|---|
| 001 | RU\NLR\bibl\837304 | ||
| 005 | 20260405084620.0 | ||
| 021 |
_aRU _b2005-46178 _92267 |
||
| 035 | _a(NLR Aleph) 000826140 | ||
| 090 |
_a1331753 _c1331753 |
||
| 100 | _a20050906d2005 |||y0rusy50 ca | ||
| 101 | 0 | _arus | |
| 102 | _aRU | ||
| 105 | _aa ||||||||| | ||
| 200 | 1 |
_aУчебный комплекс по дисциплине "Культурология" _e(для студентов технических ВУЗов) _eдля высших учебных заведений в качестве учебного пособия по дисциплине "Культурология" блока ГСЭ Государственного образовательного стандарта _fО.Л. Лейбович, А.Н. Кабацков, А.С. Кимерлинг [и др. _gнауч. ред. д.и.н., проф. О.Л. Лейбович] _gФедер. агентство по образованию РФ, Перм. гос. техн. ун-т |
|
| 210 |
_aПермь _cПермский государственный технический университет _d2005 |
||
| 215 |
_a322 с. _cил. _d20 |
||
| 300 | _aЗагл. обл.: Учебный комплекс по культурологии | ||
| 300 | _aНа 4-й с. обл. авт.: О.Л. Лейбович д.и.н., проф., А.Н. Кабацков, к.и.н., доц., А.С. Кимерлинг, к.и.н., доц. | ||
| 320 | _aБиблиогр. в тексте | ||
| 512 | 1 | _aУчебный комплекс по культурологии | |
| 606 | 1 |
_aКультурология _jУчебные издания для высших учебных заведений _91437504 _3RU\NLR\auth\66607983 |
|
| 686 | _aТ3(0)0-7я73 | ||
| 686 | _aС550.2я73 | ||
| 686 | _aЧ486.31-2 | ||
| 701 | 1 |
_4070 _7ca _8rus _aЛейбович _bО. Л. _f1949- _gОлег Леонидович _913825 _3RU\NLR\AUTH\7730807 |
|
| 701 | 1 |
_aКабацков _bА. Н. _gАндрей Николаевич _4070 |
|
| 701 | 1 |
_aКимерлинг _bА. С. _gАнна Семеновна _4070 |
|
| 801 | 0 |
_aRU _bNLR _c20050906 _grcr |
|
| 801 | 1 |
_aRU _bNLR _c20050906 |
|
| 830 | _aАвт. по кн. | ||
| 942 | _cBOOK | ||
| 980 | _aNB | ||
| 980 | _aNBR | ||